[Event "Krakow Europejski op"]
[Site "Krakow"]
[Date "2016.05.04"]
[Round "5"]
[White "Banaszkiewicz, Mikolaj"]
[Black "Grabarczyk, Miroslaw"]
[Result "0-1"]
[WhiteElo "1965"]
[BlackElo "2442"]
[PlyCount "66"]
[EventDate "2016.05.01"]
[EventType "swiss"]
[EventRounds "9"]
[EventCountry "POL"]
[SourceTitle "EXT 2018"]
[Source "ChessBase"]
[SourceDate "2017.10.13"]
[SourceVersion "1"]
[SourceVersionDate "2017.10.13"]
[SourceQuality "1"]

1. d4 d5 2. c4 dxc4 3. Nf3 a6 4. a4 Nc6 5. e3 Bg4 6. Bxc4 e6 7. 0-0 Nf6 8. Nc3 Bd6 9. h3 Bh5 10. b3 0-0 11. Bb2 Qe7 12. Be2 Bg6 13. Nh4 e5 14. Nxg6 hxg6 15. d5 Nb4 16. e4 Rfd8 17. Re1 Bc5 18. Bc4 Nh5 19. Ba3 Qh4 20. Qf3 Rd6 21. Bxb4 Bxb4 22. Ra2 Rf6 23. Qe3 b6 24. Qc1 g5 25. d6 Rxd6 26. Rd1 g4 27. Rxd6 Bxd6 28. hxg4 Qxg4 29. Be2 Qf4 30. Qf1 Ng3 31. Qd1 Bc5 32. Bh5 Qh4 33. Bxf7+ Kh8 0-1

[Event "Krakow Europejski op"]
[Site "Krakow"]
[Date "2016.05.02"]
[Round "2"]
[White "Banaszkiewicz, Mikolaj"]
[Black "Barski, Radoslaw"]
[Result "0-1"]
[WhiteElo "1965"]
[BlackElo "2324"]
[PlyCount "109"]
[EventDate "2016.05.01"]
[EventType "swiss"]
[EventRounds "9"]
[EventCountry "POL"]
[SourceTitle "EXT 2018"]
[Source "ChessBase"]
[SourceDate "2017.10.13"]
[SourceVersion "1"]
[SourceVersionDate "2017.10.13"]
[SourceQuality "1"]

1. d4 Nf6 2. c4 e6 3. Nc3 Bb4 4. Bg5 h6 5. Bh4 c5 6. e3 d5 7. cxd5 exd5 8. Bb5+ Bd7 9. Bxd7+ Nbxd7 10. Nge2 Qa5 11. 0-0 c4 12. Qc2 0-0 13. Qf5 Rfe8 14. g4 g6 15. Qf3 Ne4 16. Nxe4 dxe4 17. Qh3 Nb6 18. a3 Bf8 19. Bf6 Nd5 20. Be5 f6 21. Bf4 Qd2 22. Rfe1 g5 23. Qh5 Rad8 24. Qg6+ Bg7 25. Bd6 Re6 26. Bb4 Qxb2 27. Rab1 Qc2 28. Ng3 Qa4 29. Nf5 Rd7 30. Nxh6+ Kh8 31. Nf5 Qc6 32. h4 Rc7 33. Kg2 Qe8 34. Qxe8+ Rxe8 35. hxg5 fxg5 36. Rh1+ Kg8 37. Rh5 Bf6 38. Rbh1 c3 39. Bd6 Rc6 40. Nh6+ Kg7 41. Nf5+ Kf7 42. Be5 c2 43. Nd6+ Rxd6 44. Bxd6 Rc8 45. Rc1 Ke6 46. Bb4 Nxb4 47. axb4 Be7 48. f3 Bxb4 49. Kf2 Bd2 50. Rhh1 Bxc1 51. Rxc1 b5 52. fxe4 b4 53. Ke2 b3 54. Kd2 a5 55. e5 0-1

[Event "Krakow op"]
[Site "Krakow"]
[Date "2006.05.07"]
[Round "9"]
[White "Klykow, Lukasz"]
[Black "Banaszkiewicz, Mikolaj"]
[Result "1-0"]
[WhiteElo "2189"]
[BlackElo "1986"]
[PlyCount "43"]
[EventDate "2006.04.27"]
[EventType "swiss"]
[EventRounds "9"]
[EventCountry "POL"]
[SourceTitle "CBM 112 Extra"]
[Source "ChessBase"]
[SourceDate "2006.07.14"]
[SourceVersion "1"]
[SourceVersionDate "2006.07.14"]
[SourceQuality "1"]

1. e4 c5 2. Nf3 d6 3. d4 cxd4 4. Nxd4 Nf6 5. Nc3 a6 6. Bc4 e6 7. Bb3 Nc6 8. 0-0 Be7 9. f4 Qc7 10. Be3 Na5 11. Qf3 Nxb3 12. axb3 Bd7 13. Qg3 g6 14. e5 Nh5 15. Qf2 Ng7 16. Ndb5 Qb8 17. exd6 Bxd6 18. Nxd6+ Qxd6 19. Ne4 Qc6 20. Nf6+ Ke7 21. Bc5+ Kd8 22. Rfd1 1-0

[Event "Krakow op"]
[Site "Krakow"]
[Date "2006.04.30"]
[Round "2"]
[White "Polishchuk, Oleg"]
[Black "Banaszkiewicz, Mikolaj"]
[Result "1-0"]
[WhiteElo "2324"]
[BlackElo "1986"]
[PlyCount "53"]
[EventDate "2006.04.27"]
[EventType "swiss"]
[EventRounds "9"]
[EventCountry "POL"]
[SourceTitle "CBM 112 Extra"]
[Source "ChessBase"]
[SourceDate "2006.07.14"]
[SourceVersion "1"]
[SourceVersionDate "2006.07.14"]
[SourceQuality "1"]

1. c4 Nf6 2. Nc3 e6 3. g3 d5 4. Bg2 Be7 5. d4 c6 6. Nf3 Nbd7 7. cxd5 exd5 8. 0-0 Bd6 9. a3 a5 10. Qc2 0-0 11. Rb1 Re8 12. b4 axb4 13. axb4 Nb6 14. b5 Nc4 15. Nd2 Nxd2 16. Bxd2 h6 17. e3 Bd7 18. bxc6 bxc6 19. Na4 Rb8 20. Nc5 Bxc5 21. Qxc5 Ne4 22. Bxe4 Rxe4 23. Qd6 Rxb1 24. Rxb1 Re6 25. Rb8 Rxd6 26. Rxd8+ Kh7 27. Bb4 1-0